书目信息 |
| 题名: |
中外影视歌曲大观
|
|
| 作者: | 张前 编 | |
| 分册: | ||
| 出版信息: | 郑州 1997.06 |
|
| 页数: | 870页 | |
| 开本: | 32开 | |
| 丛书名: | ||
| 单 册: | ||
| 中图分类: | J642.43 | |
| 科图分类: | ||
| 主题词: | 音乐--作品--中国 | |
| 电子资源: | ||
| ISBN: | 7-80623-043-2 | |
| 000 | 00540nam0 2200193 45 | |
| 001 | 0009181982 | |
| 005 | 20000918192237.0 | |
| 010 | @a7-80623-043-2@d31.80元 | |
| 100 | @a20000918d1997 km y0chiy0120 ea | |
| 101 | 0 | @achi |
| 105 | @a z 000yy | |
| 200 | 1 | @a中外影视歌曲大观@AZhong Wai Ying Shi Ge Qu Da Guan@f张前编@FZhang Qian Bian |
| 210 | @a郑州@d1997.06 | |
| 215 | @a870页@d32开 | |
| 606 | 0 | @a音乐@x作品@x中国 |
| 690 | @aJ642.43@v3 | |
| 701 | 0 | @a张前@4编 |
| 801 | @aCN@bPftUser@c20000918 | |
| 905 | @b147362-364@dJ642.43@eZH.458@f3 | |
| 中外影视歌曲大观/张前编.-郑州,1997.06 |
| 870页;32开 |
| ISBN 7-80623-043-2:31.80元 |
| ● |
| 相关链接 |
|
|
|
正题名:中外影视歌曲大观
索取号:J642.43/ZH.458
 
预约/预借
| 序号 | 登录号 | 条形码 | 馆藏地/架位号 | 状态 | 备注 |
| 1 | 147362 | 201473627 | 社科库309/ [索取号:J642.43/ZH.458] | 在馆 | |
| 2 | 147363 | 201473636 | 社科库309/ [索取号:J642.43/ZH.458] | 在馆 | |
| 3 | 147364 | 201473645 | 社科库309/309社科库 93排4列3层/ [索取号:J642.43/ZH.458] | 在馆 |